01815agaaa2200325 45000010005000000030009000050050017000140070009000310080040000400400023000800410013001031000053001161300064001692450177002332500022004102600122004323000033005545080049005875110058006365200190006945380016008845460013009006500097009137000076010107000065010867000067011519420012012189990019012309520240012499472IT-RoPAU20220918181256.0d cvaizq50131s9999||||xx ||| | || ||und|| aIT-RoPAUcIT-RoPAU aITALIANO aLisi GiuseppegCodice regista SPICS: 6470951048 aTEMPO DI TV - 1954-1993: LA TELEVISIONE RACCONTA (3)951049 aTEMPO DI TV - 1954-1993: LA TELEVISIONE RACCONTA (3)cDiretto da: Lisi GiuseppepTEMPO DI TV - 1954-1993: LA TELEVISIONE RACCONTA (3) (Rif. Codice opera principale : B9472) aEdizione Standard aROMA (ITALIA)bRAI - RADIO TELEVISIONE ITALIANA / Distribuzione: RAIg"1993 (1° ed.: 1993 ; Ed. Lingua Orig.: 1993)" aVHSbsonoro, col.c70 minuti aSoggetto: Lisi Giuseppe -- De Vita Francesca a"Angela Piero; Sampo' Enza; Cecchi; Paone Alessandro" aQUARANTA ANNI DI TELEVISIONE TARGATA RAI IN UN MEMORIAL LINE IN QUATTRO PARTI CHE RIPERCORRE LA STORIA DEL NOSTRO PAESE. IN QUESTA PARTE LA CRONACA DEGLI ANNI 1972-1980: IN LABORATORIO. aPAL, STEREO aITALIANO aCULTURALEeTV-PROG. DIDATTICO/CULTURALI-DOCUMENTARI [VHS]xCodice MATERIA SPICS: 9962951050 aDe Vita Francesca e(soggetto)gCodice Soggetto 2° SPICS: 25390951051 aLisi Giuseppe e(regista)gCodice regista SPICS: 6470951052 aLisi Giuseppe e(soggetto)gCodice Soggetto SPICS: 6470951053 cVH2ddc c107224d107224 0010406B_9472_00000000000000071aSPICSbSPICSd2015-01-31l0oB9472r2015-01-31 00:00:00w2015-01-31yVHzProgr. Ins.: 245 / N.Vol.:1 / Copie: 1 / Pag.:0 / Copia rara: n.d. / date import: 1.2.2015 / By Epidotti, Trombetti, Vaglietti